| 000 | 00406nam a2200145Ia 4500 | ||
|---|---|---|---|
| 008 | 210716s1992 xx 000 0 und d | ||
| 020 | _a0538817321 | ||
| 041 | _aeng | ||
| 082 | _a658.8 HAIJ | ||
| 100 | _aHair, Joseph F. | ||
| 245 |
_aGreat ideas: for teaching marketing. _bFor teaching marketing. |
||
| 260 |
_aOhio _bSouth Western Publishing Company _c1992 |
||
| 300 | _axxiv,360 | ||
| 650 | _aMarketing | ||
| 999 |
_c200874 _d200874 |
||